| 000 | 00634nam a2200193 i 4500 | ||
|---|---|---|---|
| 001 | 184629 | ||
| 003 | ES-MaACL | ||
| 005 | 20251006165850.0 | ||
| 008 | 151028s1942 sp |||| | spa d | ||
| 100 | 0 |
_aMerino Alvarez, Abelardo. _980534 |
|
| 245 | 1 | 3 |
_aEl Cardenal Mendoza / _cpor Abelardo Merino. |
| 260 |
_aBarcelona : _bLabor, _c1942. |
||
| 300 |
_a239 p. : _b8 lám. ; _c19 cm. |
||
| 490 | 1 |
_aColección Pro Ecclesia et Patria ; _v24 |
|
| 600 | 1 | 7 |
_aGonzález de Mendoza, Pedro, _d1428-1495 _2 _9165786 |
| 830 | 0 |
_aColección Pro Ecclesia et Patria ; _v24 _9192193 |
|
| 852 |
_aES-MaACL _jC-29157 |
||
| 999 |
_c184629 _d184629 |
||